Hugh Grant Movies Quiz Stats

 Plays Quiz Updated Jan 1, 2021

Support Sporcle.
Go Orange.
Score 0/39 Timer 08:00
0 Plays Today
Year Movie % Correct
2003Love Actually
80.1%
1999Notting Hill
77.5%
1994Four Weddings and a Funeral
71.4%
2001Bridget Jones's Diary
66.3%
2002About a Boy
59.7%
2007Music and Lyrics
53.9%
2002Two Weeks Notice
46.6%
2004Bridget Jones: The Edge of Reason
45.8%
2017Paddington 2
45%
1995Nine Months
36.5%
1995Sense and Sensibility
36.5%
2016Florence Foster Jenkins
35.5%
2019The Gentlemen
32.9%
1999Mickey Blue Eyes
31%
2012Cloud Atlas
28.4%
2015The Man from U.N.C.L.E.
22.9%
2014The Rewrite
18.6%
2009Did You Hear About the Morgans?
18%
2012Pirates! Band of Misfits
17.5%
2006American Dreamz
14.7%
Year Movie % Correct
1995The Englishman Who Went Up a Hill But Came Down a Mountain
9.9%
1996Extreme Measures
9.1%
1994Sirens
8.9%
1987Maurice
7.4%
1993The Remains of the Day
7.1%
1988The Lair of the White Worm
5.4%
1991Impromptu
5.3%
2000Small Time Crooks
4.9%
1992Bitter Moon
4.6%
1995An Awfully Big Adventure
4.5%
1995Restoration
4.3%
1990The Big Man
3.3%
1993Night Train to Venice
3.3%
1982Privileged
3.2%
1988White Mischie
3.2%
1988The Dawning
3.2%
1988The Bengali Night
2.8%
1988Nocturnes
2.7%
1988Rowing in the Wind
2.7%

From the Vault

Commonly Asked About Literature

by Rainmaker203

Someone should really lobby the NAQT about adding Twilight...well maybe not.
Remove Ads.
Support Sporcle.
Get the best of Sporcle when you Go Orange. This ad-free experience offers more features, more stats, and more fun while also helping to support Sporcle. Thank you for becoming a member.

Show Comments

Extras

Top Quizzes Today


Score Distribution

Your Account Isn't Verified!

In order to create a playlist on Sporcle, you need to verify the email address you used during registration. Go to your Sporcle Settings to finish the process.

Report this User

Report this user for behavior that violates our Community Guidelines.

Details: